000 00683nam a2200229 a 4500
001 44706
003 BD-RjUL
005 20211209053914.0
008 160720s1949 ohu b 000 0 eng
035 _a(BD-RjUL)44824
040 _aDLC
_cDLC
_dOCL
_dZCU
_dBD-RjUL
_beng
041 _aeng
082 0 0 _223
_a657
_bSII 1949
100 _aKarrenbrock, Wilbert Eugene,
_9137088
245 1 0 _aIntermediate accounting /
_cby Wilbert E. Karrenbrock and Harry Simons
260 _aCincinnati :
_bSouth-western Pub. Co.,
_c1949
300 _ax, 597 p. :
_bill. ;
_c24 cm.
500 _aincludes index.
650 0 _aAccounting.
_948803
700 1 _aSimons, Harry,
_9137089
942 _2ddc
_cBK
999 _c44706
_d44706